Housing cycles (Record no. 81843)
[ view plain ]
| 000 -LEADER | |
|---|---|
| fixed length control field | 00870cab a22001935a 4500 |
| 001 - CONTROL NUMBER | |
| control field | L148452 |
| 008 - FIXED-LENGTH DATA ELEMENTS--GENERAL INFORMATION | |
| fixed length control field | 090921e2009 xxkdo f 000 0 eng d |
| 035 ## - SYSTEM CONTROL NUMBER | |
| System control number | (Sirsi) u148452 |
| 041 0# - LANGUAGE CODE | |
| Language code of text/sound track or separate title | eng |
| 100 1# - MAIN ENTRY--PERSONAL NAME | |
| Personal name | Thompson, Adrian |
| 245 00 - TITLE STATEMENT | |
| Title | Housing cycles |
| Remainder of title | surviving the ups and downs |
| 260 ## - PUBLICATION, DISTRIBUTION, ETC. | |
| -- | 009 |
| 490 ## - SERIES STATEMENT | |
| Series statement | Letting Update Journal |
| Volume/sequential designation | 17(2) July 2009, 27-28 (2) |
| 520 ## - SUMMARY, ETC. | |
| Summary, etc. | Presents statistics on the UK rental market for May 2009. Provides advice for landlords wishing to render their property attractive for potential tenants or to offer incentives to keep good tenants from moving to other properties. Possible incentives include rent reductions, offering a free internet broadband connection and improving the property. |
| 590 ## - LOCAL NOTE (RLIN) | |
| Local note | KA |
| 651 #4 - SUBJECT ADDED ENTRY--GEOGRAPHIC NAME | |
| Geographic name | United Kingdom |
| Chronological subdivision | |
| 690 ## - LOCAL SUBJECT ADDED ENTRY--TOPICAL TERM (OCLC, RLIN) | |
| Topical term or geographic name as entry element | PROPERTY-RESIDENTIAL PROPERTY-RESIDENTIAL PROPERTY MARKET |
| 942 ## - ADDED ENTRY ELEMENTS (KOHA) | |
| Suppress in OPAC | 0 |
| Withdrawn status | Lost status | Source of classification or shelving scheme | Damaged status | Not for loan | Home library | Current library | Shelving location | Date acquired | Total Checkouts | Full call number | Barcode | Date last seen | Copy number | Price effective from | Koha item type |
|---|---|---|---|---|---|---|---|---|---|---|---|---|---|---|---|
| Dewey Decimal Classification | Virtual | Virtual | Journal article | 21/09/2009 | L148452 | 148452-1001 | 06/08/2019 | 1 | 06/08/2019 | Journal article |